| 000 | 00954nam0a22002651 4500 | ||
|---|---|---|---|
| 001 | rc\887632 | ||
| 005 | 20041129093932.1 | ||
| 035 | _a(NLR Aleph) 006064568 | ||
| 090 |
_a4943432 _c4943432 |
||
| 100 | _a20041129d1984 u |0rusy50 ca | ||
| 101 | 0 | _arus | |
| 102 | _aRU | ||
| 105 | _aa ||||||||| | ||
| 200 | 1 | _aПеренос резонансного излучения в неоднородно движущемся газе | |
| 210 |
_aМ. _cИПМ _d1984 |
||
| 215 |
_a25 с. _cил. _d20 |
||
| 225 | 1 |
_aПрепринт _fИн-т прикл. математики им. М.В. Келдыша АН СССР _v№ 70 |
|
| 320 | _aБиблиогр.: с. 25 (5 назв.) | ||
| 700 | 1 |
_aГольдин _bВ. Я. _f1924- _gВладимир Яковлевич |
|
| 701 | 1 |
_aШильков _bА. В. _gАлександр Викторович |
|
| 801 | 0 |
_aRU _bNLR _gpsbo |
|
| 801 | 1 |
_aRU _bELAR _2rusmarc |
|
| 852 |
_aNLR _j84-4/22674 |
||
| 942 | _cBOOK | ||
| 980 | _aNB | ||